| 000 | 00869nam a22002657a 4500 | ||
|---|---|---|---|
| 001 | 3943 | ||
| 003 | FISKH | ||
| 005 | 20240529085418.0 | ||
| 008 | 240527b cb ||||| |||| 00| 0 eng d | ||
| 020 | _a9780545758376 | ||
| 040 |
_aFISK _beng _cFISK _dFISK |
||
| 050 | _aPZ7.S78685 | ||
| 082 | _a813.6 | ||
| 100 | _aStaniszewski Anna | ||
| 245 |
_aThe dirt diary / _cAnna Staniszewski |
||
| 260 |
_aNew York : _bScholasitc, _c2014 |
||
| 300 |
_a246 pages : _c20 cm |
||
| 505 | _aM | ||
| 520 | _aThe first book in Anna Staniszewski's award-winning YA best selling book series: The Dirt Diaries! A hilarious tale about the weight of responsibility that comes from a secret-filled diary... Rachel can't believe. | ||
| 521 | 8 |
_a750
_bLexile |
|
| 521 | 8 |
_aM
_bRaz-Plus |
|
| 700 | _aAnna Staniszewski | ||
| 942 |
_2ddc _cBK _n0 |
||
| 999 |
_c3943 _d3943 |
||